|
|
|
|
| LEADER |
01093nam a2200265 a 4500 |
| 001 |
4506010 |
| 008 |
090823s1998 si a b 010 0 eng d |
| 010 |
|
|
|a 98016463
|
| 020 |
|
|
|a 9810227612 (alk. paper)
|
| 040 |
|
|
|a DLC
|c DLC
|d DLC
|
| 082 |
0 |
0 |
|a 515
|2 21
|
| 245 |
0 |
0 |
|a Analysis and topology :
|b a volume dedicated to the memory of S. Stoilow /
|c editors, Cabiria Andreian Cazacu, Olli E. Lehto, Themistocles M. Rassias.
|
| 260 |
|
|
|a Singapore ;
|a River Edge, NJ :
|b World Scientific,
|c c1998.
|
| 300 |
|
|
|a xii, 723 p. :
|b ill. ;
|c 23 cm.
|
| 504 |
|
|
|a Includes bibliographical references.
|
| 541 |
1 |
|
|e 00014605
|
| 650 |
|
0 |
|a Mathematical analysis.
|
| 650 |
|
0 |
|a Topology.
|
| 700 |
1 |
|
|a Stoilow, Simion,
|d 1887-1961.
|
| 700 |
2 |
|
|a Andreian Cazacu, Cabiria.
|
| 700 |
1 |
|
|a Lehto, Olli.
|
| 700 |
1 |
|
|a Rassias, Themistocles M.,
|d 1951-
|
| 852 |
4 |
|
|a Ayesha Abed Library
|j General shelf
|
| 999 |
|
|
|c 3364
|d 3364
|
| 952 |
|
|
|0 0
|1 0
|2 ddc
|4 0
|6 515_ANA_199800000000000
|7 0
|9 3055
|a BRACUL
|b BRACUL
|c GEN
|d 2009-08-31
|g 0.00
|l 0
|o 515 ANA
|p 3010014605
|r 2009-08-31
|t 1
|w 2009-08-31
|y BK
|x No price found in the accession register.
|